Finančné rámce pre využívanie prostriedkov zo štrukturálnych fondov a Kohézneho fondu na skrátené programovacie obdobie 2004 - 2006

Bibliographic Details
Main Author: Gajdošík, Jozef, 1952- (Author)
Format: Article
Language:Slovak
ISBN:8080701776

MARC

LEADER 00000naa a2200000uu 4500
001 vtls011042899
003 SK-MaSNL
005 20260302141546.0
008 210904|2004 xo |||||||||||||||||slo|
015 |a SNBRA 
035 |a (urnnbn)urn:nbn:sk:snk:ar-008ztm 
035 |a (uuid)8d2446ac-41d1-4cf0-b96f-533dc2a768eb 
035 |a urn:nbn:sk:snk-aauv7d 
040 |a SNKBUCL  |b slo  |c SNKBUCL  |e AACR2 
041 0 |a slo 
044 |a xo  |c SK 
100 1 |a Gajdošík, Jozef,  |d 1952-  |4 aut  |9 241131 
245 1 0 |a Finančné rámce pre využívanie prostriedkov zo štrukturálnych fondov a Kohézneho fondu na skrátené programovacie obdobie 2004 - 2006  |c Jozef Gajdošík 
773 0 |t Regionálny manažment  |d V Žiline : Žilinská univerzita, 2004  |g S. 12-19  |z 8080701776 
958 |a OND 
958 |a article12 
958 |a chapter 
999 |c 1336113  |d 1338043